Wykreślanka - Miasta w Polsce - nagła śmierć - Statystyki

Ogólne statystyki
  • Ten quiz został rozwiązany 95 razy
  • Średni wynik to 24 z 50
Answers on the Grid
Answers color-coded by a green-red scale on the quiz's grid according to % correct below.
Ż
A
R
Y
T
Ć
F
G
H
Y
R
S
S
Y
C
Ś
R
E
M
H
W
J
J
K
Y
I
F
N
B
U
D
F
Y
Ł
O
N
Y
S
A
T
I
W
E
Ż
T
K
O
Ł
O
Ź
Ł
N
M
W
T
K
O
W
A
L
T
Ć
S
W
U
B
U
K
T
U
L
O
P
Y
J
Ż
Z
G
D
A
Y
U
I
L
Z
O
P
R
M
D
U
T
Y
J
S
G
P
I
S
Z
 
Statystyki odpowiedzi
Odpowiedź % Poprawnych
Ż
91%
A
88%
R
88%
Y
86%
K
70%
Ś
69%
O
66%
T
66%
E
63%
C
61%
H
61%
Y
61%
Y
61%
Ł
59%
O
59%
N
58%
Z
58%
I
56%
P
56%
S
56%
A
53%
A
52%
M
52%
R
52%
S
48%
Y
45%
W
41%
K
39%
L
39%
O
39%
D
38%
I
38%
A
36%
D
36%
I
36%
J
36%
U
36%
W
36%
Z
36%
K
28%
J
27%
N
27%
S
27%
Y
27%
B
25%
B
25%
Ł
25%
U
25%
W
25%
Ż
25%
Nie znaleziono quizów pasujących do podanych kryteriów
Rozkład punktacji
Procent ludzi z każdym wynikiem
Percentyl według liczby udzielonych odpowiedzi
Twoja historia wyników
Nie rozwiązałeś tego quizu